000 00481nam a2200169Ia 4500
008 230917s9999||||xx |||||||||||||| ||und||
020 _cGBP29.95
040 _e222143
_aMAIN
041 _aEnglish
082 _a338.4791 T487C
100 _aTimothy, Dallen J
245 0 _aCultural heritage and tourism: An introduction
260 _aBristol
_bChannel View Publications
_c2011
300 _axviii, 509 p.
500 _a1799 07/01/2015 KB428 12/01/2015 Main Budget
942 _cBK
999 _c13356
_d13356